[Event "XLIV Memoriał Szachowy Ludwika Zamenhofa 2025, Grupa A"]
[Site "Białystok, Poland"]
[Date "2025.12.28"]
[Round "4.2"]
[White "Pidluznij, Gleb"]
[Black "Psyk, Radoslaw"]
[Result "1/2-1/2"]
[TimeControl "90'+30\""]
[WhiteElo "2411"]
[BlackElo "2504"]

1. d4 {[%clk 01:28:40]} {[%emt 00:02:18]} Nf6 {[%clk 01:20:04]} {[%emt
00:10:57]} 2. Nf3 {[%clk 01:28:39]} {[%emt 00:00:22]} e6 {[%clk 01:18:44]}
{[%emt 00:02:00]} 3. c4 {[%clk 01:28:37]} {[%emt 00:00:31]} d5 {[%clk
01:19:00]} {[%emt 00:00:13]} 4. Nc3 {[%clk 01:28:58]} {[%emt 00:00:10]} Nbd7
{[%clk 01:19:22]} {[%emt 00:00:08]} 5. Qc2 {[%clk 01:27:27]} {[%emt 00:02:01]}
dxc4 {[%clk 01:19:28]} {[%emt 00:00:25]} 6. e4 {[%clk 01:27:49]} {[%emt
00:00:07]} Nb6 {[%clk 01:19:46]} {[%emt 00:00:13]} 7. Be3 {[%clk 01:27:47]}
{[%emt 00:00:30]} Bd7 {[%clk 01:17:33]} {[%emt 00:02:44]} 8. Ne5 {[%clk
01:25:40]} {[%emt 00:02:37]} Bb4 {[%clk 01:09:03]} {[%emt 00:08:59]} 9. Bxc4
{[%clk 01:21:19]} {[%emt 00:04:51]} Ng4 {[%clk 00:41:31]} {[%emt 00:28:03]} 10.
Nxg4 {[%clk 01:20:13]} {[%emt 00:01:36]} Nxc4 {[%clk 00:41:13]} {[%emt
00:00:49]} 11. Bf4 {[%clk 01:17:11]} {[%emt 00:03:31]} Qh4 {[%clk 00:33:14]}
{[%emt 00:08:28]} 12. h3 {[%clk 01:15:22]} {[%emt 00:02:19]} h5 {[%clk
00:30:32]} {[%emt 00:03:15]} 13. g3 {[%clk 01:11:15]} {[%emt 00:04:37]} Qe7
{[%clk 00:30:25]} {[%emt 00:00:37]} 14. Ne3 {[%clk 01:06:19]} {[%emt 00:05:26]}
Nxe3 {[%clk 00:25:08]} {[%emt 00:05:48]} 15. Bxe3 {[%clk 01:06:14]} {[%emt
00:00:34]} Bc6 {[%clk 00:24:22]} {[%emt 00:01:17]} 16. f3 {[%clk 00:52:55]}
{[%emt 00:13:48]} f5 {[%clk 00:23:28]} {[%emt 00:01:24]} 17. O-O {[%clk
00:46:00]} {[%emt 00:07:25]} Bxc3 {[%clk 00:22:43]} {[%emt 00:01:15]} 18. bxc3
{[%clk 00:46:23]} {[%emt 00:00:07]} O-O {[%clk 00:17:42]} {[%emt 00:05:32]} 19.
c4 {[%clk 00:46:14]} {[%emt 00:00:38]} fxe4 {[%clk 00:16:38]} {[%emt 00:01:34]}
20. fxe4 {[%clk 00:46:34]} {[%emt 00:00:11]} Qa3 {[%clk 00:16:47]} {[%emt
00:00:21]} 21. Rae1 {[%clk 00:37:09]} {[%emt 00:09:54]} Rxf1+ {[%clk 00:16:13]}
{[%emt 00:01:04]} 22. Kxf1 {[%clk 00:37:37]} {[%emt 00:00:02]} Rf8+ {[%clk
00:16:35]} {[%emt 00:00:08]} 23. Kg2 {[%clk 00:37:50]} {[%emt 00:00:10]} h4
{[%clk 00:08:14]} {[%emt 00:08:59]} 24. gxh4 {[%clk 00:31:56]} {[%emt
00:06:24]} e5 {[%clk 00:05:48]} {[%emt 00:02:55]} 25. d5 {[%clk 00:30:03]}
{[%emt 00:02:23]} Be8 {[%clk 00:05:57]} {[%emt 00:00:22]} 26. Qb3 {[%clk
00:29:33]} {[%emt 00:00:59]} Qa6 {[%clk 00:05:04]} {[%emt 00:01:24]} 27. Bg5
{[%clk 00:15:26]} {[%emt 00:14:37]} Bh5 {[%clk 00:05:29]} {[%emt 00:00:04]} 28.
Rf1 {[%clk 00:11:59]} {[%emt 00:03:57]} Rxf1 {[%clk 00:05:55]} {[%emt
00:00:04]} 29. Kxf1 {[%clk 00:12:27]} {[%emt 00:00:01]} Bg6 {[%clk 00:06:19]}
{[%emt 00:00:08]} 30. Qc2 {[%clk 00:11:00]} {[%emt 00:01:55]} Qa3 {[%clk
00:05:02]} {[%emt 00:01:47]} 31. Kg2 {[%clk 00:11:14]} {[%emt 00:00:15]} Qc5
{[%clk 00:04:32]} {[%emt 00:01:01]} 32. Qd3 {[%clk 00:11:16]} {[%emt 00:00:28]}
Qb4 {[%clk 00:03:20]} {[%emt 00:01:42]} 33. Qe2 {[%emt 00:02:24]} Qb1 {[%clk
00:03:38]} 34. h5 {[%clk 00:06:49]} {[%emt 00:03:15]} Bxe4+ {[%clk 00:03:33]}
{[%emt 00:00:35]} 35. Kf2 {[%clk 00:05:23]} {[%emt 00:01:56]} Bxd5 {[%clk
00:01:21]} {[%emt 00:02:43]} 36. Qxe5 {[%clk 00:03:21]} {[%emt 00:02:32]} Qxa2+
{[%clk 00:01:47]} {[%emt 00:00:04]} 37. Ke3 {[%clk 00:02:19]} {[%emt 00:01:32]}
Qb3+ {[%clk 00:01:52]} {[%emt 00:00:24]} 38. Kd2 {[%clk 00:01:48]} {[%emt
00:01:00]} Qb4+ {[%clk 00:02:00]} {[%emt 00:00:23]} 39. Qc3 {[%clk 00:00:41]}
{[%emt 00:01:37]} Qxc4 {[%clk 00:00:51]} {[%emt 00:01:39]} 40. h6 {[%clk
00:00:46]} {[%emt 00:00:25]} gxh6 {[%clk 00:00:33]} {[%emt 00:00:48]} 41. Qxc4
{[%clk 00:00:33]} {[%emt 00:00:43]} Bxc4 {[%clk 00:01:02]} {[%emt 00:00:01]} 42.
Bxh6 {[%clk 00:00:56]} {[%emt 00:00:06]} Kf7 {[%clk 00:01:13]} {[%emt
00:00:19]} 43. Bf4 {[%clk 00:01:21]} {[%emt 00:00:05]} c6 {[%clk 00:01:17]}
{[%emt 00:00:27]} 44. Bb8 {[%clk 00:01:14]} {[%emt 00:00:36]} a5 {[%clk
00:00:36]} {[%emt 00:01:11]} 45. Bc7 {[%clk 00:00:42]} {[%emt 00:01:02]} a4
{[%clk 00:01:05]} {[%emt 00:00:02]} 46. Kc3 {[%clk 00:00:52]} {[%emt 00:00:19]}
Bb3 {[%clk 00:00:31]} {[%emt 00:01:05]} 47. Bb6 {[%clk 00:00:59]} {[%emt
00:00:22]} Ke6 {[%clk 00:00:34]} {[%emt 00:00:28]} 48. Kb4 {[%clk 00:01:02]}
{[%emt 00:00:27]} Bc2 {[%clk 00:00:31]} {[%emt 00:00:32]} 49. h4 {[%clk
00:01:02]} {[%emt 00:00:31]} Kd5 {[%clk 00:00:57]} {[%emt 00:00:04]} 50. h5
{[%clk 00:01:20]} {[%emt 00:00:11]} Ke6 {[%clk 00:00:32]} {[%emt 00:00:56]} 51.
h6 {[%clk 00:00:58]} {[%emt 00:00:52]} Kf7 {[%clk 00:00:54]} {[%emt 00:00:07]}
52. Kc3 {[%clk 00:00:44]} {[%emt 00:00:43]} Bb3 {[%clk 00:01:08]} {[%emt
00:00:17]} 53. Kb4 {[%clk 00:00:56]} {[%emt 00:00:19]} Bd1 {[%clk 00:01:26]}
{[%emt 00:00:12]} 54. Ka3 {[%clk 00:00:37]} {[%emt 00:00:49]} Kg6 {[%clk
00:01:37]} {[%emt 00:00:19]} 55. Be3 {[%clk 00:01:06]} {[%emt 00:00:01]} Bc2
{[%clk 00:01:54]} {[%emt 00:00:13]} 56. Kb4 {[%clk 00:01:17]} {[%emt 00:00:18]}
b5 {[%clk 00:02:07]} {[%emt 00:00:17]} 57. Bc1 {[%clk 00:01:13]} {[%emt
00:00:34]} Be4 {[%clk 00:02:22]} {[%emt 00:00:13]} 58. Kc5 {[%clk 00:01:12]}
{[%emt 00:00:32]} Kf7 {[%clk 00:02:34]} {[%emt 00:00:18]} 59. Bb2 {[%clk
00:01:03]} {[%emt 00:00:39]} Ke6 {[%clk 00:02:40]} {[%emt 00:00:23]} 60. h7
{[%clk 00:00:52]} {[%emt 00:00:42]} Bxh7 {[%clk 00:03:06]} {[%emt 00:00:04]} 61.
Kxc6 {[%clk 00:01:19]} {[%emt 00:00:03]} b4 {[%clk 00:03:25]} {[%emt 00:00:11]}
62. Kb5 {[%clk 00:01:29]} {[%emt 00:00:20]} a3 {[%clk 00:03:52]} {[%emt
00:00:04]} 63. Bc1 {[%clk 00:01:54]} {[%emt 00:00:04]} a2 {[%clk 00:04:09]}
{[%emt 00:00:13]} 64. Bb2 {[%clk 00:02:19]} {[%emt 00:00:05]} b3 {[%clk
00:04:32]} {[%emt 00:00:07]} 65. Kc4 {[%clk 00:02:44]} {[%emt 00:00:05]} Bc2
{[%clk 00:04:58]} {[%emt 00:00:03]} 66. Bh8 {[%clk 00:02:14]} {[%emt 00:01:00]}
Kf5 {[%clk 00:05:15]} {[%emt 00:00:13]} 67. Kb4 {[%clk 00:02:34]} {[%emt
00:00:10]} Ke4 {[%clk 00:05:30]} {[%emt 00:00:15]} 68. Ka3 {[%clk 00:02:59]}
{[%emt 00:00:05]} Kd3 {[%clk 00:05:55]} {[%emt 00:00:06]} 69. Kb2 {[%clk
00:03:24]} {[%emt 00:00:04]} Bd1 {[%clk 00:06:17]} {[%emt 00:00:08]} 70. Ka1
{[%clk 00:03:48]} {[%emt 00:00:05]} Ke4 {[%emt 00:00:25]} 1/2-1/2

[Event "XLIV Memoriał Szachowy Ludwika Zamenhofa 2025, Grupa A"]
[Site "Białystok, Poland"]
[Date "2025.12.28"]
[Round "4.3"]
[White "Sernecki, Franciszek"]
[Black "Mayorau, Mikita"]
[Result "1/2-1/2"]
[TimeControl "90'+30\""]
[WhiteElo "2306"]
[BlackElo "2472"]

1. d4 {[%clk 01:30:45]} {[%emt 00:00:14]} Nf6 {[%clk 01:26:29]} {[%emt
00:04:32]} 2. c4 {[%clk 01:31:09]} {[%emt 00:00:06]} e6 {[%clk 01:26:46]}
{[%emt 00:00:13]} 3. Nf3 {[%clk 01:31:33]} {[%emt 00:00:06]} d5 {[%clk
01:27:09]} {[%emt 00:00:07]} 4. Nc3 {[%clk 01:31:55]} {[%emt 00:00:07]} Be7
{[%clk 01:27:25]} {[%emt 00:00:15]} 5. Bf4 {[%clk 01:28:28]} {[%emt 00:03:56]}
O-O {[%clk 01:27:39]} {[%emt 00:00:16]} 6. Rc1 {[%clk 01:25:36]} {[%emt
00:03:21]} c5 {[%clk 01:17:19]} {[%emt 00:10:51]} 7. e3 {[%clk 01:25:03]}
{[%emt 00:01:03]} cxd4 {[%clk 01:17:03]} {[%emt 00:00:47]} 8. Nxd4 {[%clk
01:22:29]} {[%emt 00:03:04]} Nbd7 {[%clk 01:15:57]} {[%emt 00:01:35]} 9. Bg3
{[%clk 01:05:16]} {[%emt 00:17:43]} Nb6 {[%clk 01:12:45]} {[%emt 00:03:42]} 10.
Ndb5 {[%clk 01:02:01]} {[%emt 00:03:45]} dxc4 {[%clk 00:54:59]} {[%emt
00:18:16]} 11. Nc7 {[%clk 00:58:22]} {[%emt 00:04:10]} Rb8 {[%clk 00:55:04]}
{[%emt 00:00:24]} 12. Na6 {[%clk 00:51:16]} {[%emt 00:07:36]} Ra8 {[%clk
00:55:26]} {[%emt 00:00:09]} 13. Nc7 {[%clk 00:51:36]} {[%emt 00:00:10]}
1/2-1/2

[Event "XLIV Memoriał Szachowy Ludwika Zamenhofa 2025, Grupa A"]
[Site "Białystok, Poland"]
[Date "2025.12.28"]
[Round "4.4"]
[White "Markowski, Tomasz"]
[Black "Terkiewicz, Bruno"]
[Result "0-1"]
[TimeControl "90'+30\""]
[WhiteElo "2491"]
[BlackElo "2211"]

1. g3 {[%clk 01:30:19]} {[%emt 00:00:08]} d5 {[%clk 01:30:50]} {[%emt
00:00:11]} 2. Nf3 {[%clk 01:30:45]} {[%emt 00:00:03]} Nf6 {[%clk 01:31:05]}
{[%emt 00:00:15]} 3. Bg2 {[%clk 01:31:08]} {[%emt 00:00:08]} c6 {[%clk
01:31:22]} {[%emt 00:00:12]} 4. c4 {[%clk 01:31:23]} {[%emt 00:00:15]} dxc4
{[%clk 01:29:36]} {[%emt 00:02:16]} 5. O-O {[%clk 01:31:31]} {[%emt 00:00:22]}
e6 {[%clk 01:28:38]} {[%emt 00:01:28]} 6. a4 {[%clk 01:31:24]} {[%emt
00:00:38]} Nd5 {[%clk 01:16:21]} {[%emt 00:12:47]} 7. Ne5 {[%clk 01:29:26]}
{[%emt 00:02:27]} b6 {[%clk 01:09:14]} {[%emt 00:07:37]} 8. Nxc4 {[%clk
01:28:06]} {[%emt 00:01:51]} Be7 {[%clk 01:09:17]} {[%emt 00:00:27]} 9. d4
{[%clk 01:26:22]} {[%emt 00:02:14]} O-O {[%clk 01:08:34]} {[%emt 00:01:13]} 10.
e4 {[%clk 01:25:59]} {[%emt 00:00:53]} Nb4 {[%clk 01:08:33]} {[%emt 00:00:31]}
11. Nc3 {[%clk 01:24:52]} {[%emt 00:01:37]} Ba6 {[%clk 01:08:36]} {[%emt
00:00:26]} 12. b3 {[%clk 01:24:43]} {[%emt 00:00:39]} Nd7 {[%clk 01:07:38]}
{[%emt 00:01:28]} 13. Be3 {[%clk 01:17:29]} {[%emt 00:07:44]} e5 {[%clk
01:04:52]} {[%emt 00:03:16]} 14. d5 {[%clk 01:14:13]} {[%emt 00:03:47]} Bxc4
{[%clk 01:04:06]} {[%emt 00:01:15]} 15. bxc4 {[%clk 01:14:38]} {[%emt
00:00:06]} Bc5 {[%clk 01:04:24]} {[%emt 00:00:11]} 16. Bd2 {[%clk 01:13:23]}
{[%emt 00:01:45]} cxd5 {[%clk 00:59:44]} {[%emt 00:05:11]} 17. cxd5 {[%clk
01:13:24]} {[%emt 00:00:29]} Qe7 {[%clk 00:55:48]} {[%emt 00:04:25]} 18. Rb1
{[%clk 01:11:21]} {[%emt 00:02:33]} a5 {[%clk 00:55:36]} {[%emt 00:00:43]} 19.
Nb5 {[%clk 01:10:32]} {[%emt 00:01:19]} Nf6 {[%clk 00:55:00]} {[%emt 00:01:05]}
20. Kh1 {[%clk 01:02:51]} {[%emt 00:08:11]} Rfd8 {[%clk 00:49:09]} {[%emt
00:06:23]} 21. Bc3 {[%clk 01:00:59]} {[%emt 00:02:22]} Nc6 {[%clk 00:45:36]}
{[%emt 00:04:02]} 22. Qf3 {[%clk 00:55:20]} {[%emt 00:06:10]} Na7 {[%clk
00:44:58]} {[%emt 00:01:07]} 23. Qf5 {[%clk 00:53:53]} {[%emt 00:01:57]} Nxb5
{[%clk 00:45:05]} {[%emt 00:00:24]} 24. Rxb5 {[%clk 00:54:15]} {[%emt
00:00:07]} Nd7 {[%clk 00:45:05]} {[%emt 00:00:30]} 25. f4 {[%clk 00:53:51]}
{[%emt 00:00:54]} g6 {[%clk 00:44:53]} {[%emt 00:00:42]} 26. Qg4 {[%clk
00:53:58]} {[%emt 00:00:23]} Rac8 {[%clk 00:42:56]} {[%emt 00:02:28]} 27. Qf3
{[%clk 00:53:28]} {[%emt 00:01:00]} Bd6 {[%clk 00:42:17]} {[%emt 00:01:08]} 28.
f5 {[%clk 00:43:33]} {[%emt 00:10:25]} Rc4 {[%clk 00:40:16]} {[%emt 00:02:30]}
29. Bd2 {[%clk 00:43:18]} {[%emt 00:00:46]} Rxa4 {[%clk 00:38:54]} {[%emt
00:01:52]} 30. h4 {[%clk 00:41:57]} {[%emt 00:01:51]} Ra3 {[%clk 00:38:21]}
{[%emt 00:01:03]} 31. Rb3 {[%clk 00:41:48]} {[%emt 00:00:40]} Ra2 {[%clk
00:36:37]} {[%emt 00:02:14]} 32. Bg5 {[%clk 00:39:53]} {[%emt 00:02:25]} f6
{[%clk 00:36:11]} {[%emt 00:00:55]} 33. Bh6 {[%clk 00:40:21]} {[%emt 00:00:02]}
Rc8 {[%clk 00:33:15]} {[%emt 00:03:26]} 34. Rc3 {[%clk 00:37:09]} {[%emt
00:03:43]} Rxc3 {[%clk 00:32:29]} {[%emt 00:01:16]} 35. Qe3 {[%emt 00:00:02]}
Rd3 36. Qxd3 {[%clk 00:37:37]} Nc5 {[%clk 00:23:53]} {[%emt 00:09:06]} 37. Qf3
{[%clk 00:37:54]} {[%emt 00:00:13]} b5 {[%clk 00:22:34]} {[%emt 00:01:50]} 38.
g4 {[%clk 00:31:14]} {[%emt 00:07:10]} b4 {[%clk 00:19:50]} {[%emt 00:03:14]}
39. g5 {[%clk 00:31:18]} {[%emt 00:00:25]} Ra3 {[%clk 00:19:57]} {[%emt
00:00:23]} 40. Qg4 {[%clk 00:31:19]} {[%emt 00:00:29]} fxg5 {[%clk 00:15:48]}
{[%emt 00:04:40]} 41. hxg5 {[%clk 00:19:04]} {[%emt 00:12:45]} Qd7 {[%clk
00:15:45]} {[%emt 00:00:32]} 42. Qh4 {[%clk 00:13:00]} {[%emt 00:06:34]} Nd3
{[%clk 00:15:26]} {[%emt 00:00:49]} 0-1

[Event "XLIV Memoriał Szachowy Ludwika Zamenhofa 2025, Grupa A"]
[Site "Białystok, Poland"]
[Date "2025.12.28"]
[Round "4.5"]
[White "Salna, Aleksandras"]
[Black "Baum, Jonasz"]
[Result "1-0"]
[TimeControl "90'+30\""]
[WhiteElo "2290"]
[BlackElo "2446"]

1. c4 {[%clk 01:30:54]} {[%emt 00:00:06]} e6 {[%clk 01:29:47]} {[%emt
00:01:14]} 2. Nc3 {[%clk 01:31:09]} {[%emt 00:00:14]} d5 {[%clk 01:30:03]}
{[%emt 00:00:15]} 3. d4 {[%clk 01:31:31]} {[%emt 00:00:07]} Nf6 {[%clk
01:30:30]} {[%emt 00:00:03]} 4. Bg5 {[%clk 01:31:18]} {[%emt 00:00:43]} Be7
{[%clk 01:30:01]} {[%emt 00:00:59]} 5. e3 {[%clk 01:31:23]} {[%emt 00:00:24]}
O-O {[%clk 01:30:25]} {[%emt 00:00:06]} 6. Nf3 {[%clk 01:30:10]} {[%emt
00:01:43]} h6 {[%clk 01:30:45]} {[%emt 00:00:12]} 7. Bh4 {[%clk 01:28:19]}
{[%emt 00:02:19]} b6 {[%clk 01:31:04]} {[%emt 00:00:12]} 8. Bxf6 {[%clk
01:27:12]} {[%emt 00:01:37]} Bxf6 {[%clk 01:31:28]} {[%emt 00:00:06]} 9. cxd5
{[%clk 01:27:36]} {[%emt 00:00:06]} exd5 {[%clk 01:31:52]} {[%emt 00:00:06]} 10.
Be2 {[%clk 01:27:43]} {[%emt 00:00:22]} Re8 {[%clk 01:26:55]} {[%emt 00:05:28]}
11. O-O {[%clk 01:28:01]} {[%emt 00:00:11]} c6 {[%clk 01:15:03]} {[%emt
00:12:23]} 12. Rc1 {[%clk 01:25:54]} {[%emt 00:02:36]} Bf5 {[%clk 01:10:11]}
{[%emt 00:05:22]} 13. Ne1 {[%clk 01:21:58]} {[%emt 00:04:25]} Qd6 {[%clk
01:06:41]} {[%emt 00:04:01]} 14. Bd3 {[%clk 01:19:35]} {[%emt 00:02:53]} Bxd3
{[%clk 01:05:29]} {[%emt 00:01:41]} 15. Nxd3 {[%clk 01:19:54]} {[%emt
00:00:11]} Nd7 {[%clk 01:01:39]} {[%emt 00:04:21]} 16. Qf3 {[%clk 01:16:52]}
{[%emt 00:03:31]} Rac8 {[%clk 00:52:38]} {[%emt 00:09:32]} 17. Rc2 {[%clk
01:13:58]} {[%emt 00:03:24]} Rcd8 {[%clk 00:44:56]} {[%emt 00:08:12]} 18. Rfc1
{[%clk 01:10:15]} {[%emt 00:04:12]} g6 {[%clk 00:43:14]} {[%emt 00:02:13]} 19.
b4 {[%clk 01:08:22]} {[%emt 00:02:25]} Bg7 {[%clk 00:42:31]} {[%emt 00:01:13]}
20. Ne2 {[%clk 01:07:05]} {[%emt 00:01:47]} Nb8 {[%clk 00:42:49]} {[%emt
00:00:12]} 21. a4 {[%clk 01:06:46]} {[%emt 00:00:49]} a6 {[%clk 00:39:37]}
{[%emt 00:03:43]} 22. g3 {[%clk 01:05:23]} {[%emt 00:01:51]} Re7 {[%clk
00:39:23]} {[%emt 00:00:44]} 23. h4 {[%clk 01:04:57]} {[%emt 00:00:55]} h5
{[%clk 00:39:35]} {[%emt 00:00:20]} 24. Kg2 {[%clk 01:04:11]} {[%emt 00:01:15]}
Ra7 {[%clk 00:38:40]} {[%emt 00:01:26]} 25. Nef4 {[%clk 01:03:19]} {[%emt
00:01:21]} a5 {[%clk 00:34:59]} {[%emt 00:04:12]} 26. b5 {[%clk 00:56:48]}
{[%emt 00:07:01]} cxb5 {[%clk 00:35:16]} {[%emt 00:00:14]} 27. axb5 {[%clk
00:57:12]} {[%emt 00:00:05]} a4 {[%clk 00:34:45]} {[%emt 00:01:01]} 28. Rc8
{[%clk 00:55:55]} {[%emt 00:01:46]} Rad7 {[%clk 00:35:08]} {[%emt 00:00:07]} 29.
Qd1 {[%clk 00:56:10]} {[%emt 00:00:15]} a3 {[%clk 00:32:39]} {[%emt 00:02:59]}
30. Qb3 {[%clk 00:54:56]} {[%emt 00:01:45]} Bf8 {[%clk 00:30:49]} {[%emt
00:02:20]} 31. Ne5 {[%clk 00:53:44]} {[%emt 00:01:42]} Rxc8 {[%clk 00:29:55]}
{[%emt 00:01:25]} 32. Rxc8 {[%clk 00:54:06]} {[%emt 00:00:07]} Ra7 {[%clk
00:30:17]} {[%emt 00:00:08]} 33. Qa2 {[%clk 00:52:22]} {[%emt 00:02:14]} Kg7
{[%clk 00:25:40]} {[%emt 00:05:08]} 34. Nxd5 {[%clk 00:50:09]} {[%emt
00:02:43]} f6 {[%clk 00:25:06]} {[%emt 00:01:03]} 35. Nf4 {[%clk 00:43:35]}
{[%emt 00:07:05]} fxe5 {[%clk 00:25:03]} {[%emt 00:00:33]} 36. Ne6+ {[%clk
00:43:59]} {[%emt 00:00:05]} Kh6 {[%clk 00:25:25]} {[%emt 00:00:09]} 37. Rxf8
{[%clk 00:43:43]} {[%emt 00:00:46]} Rh7 {[%clk 00:25:02]} {[%emt 00:00:53]} 38.
e4 {[%clk 00:43:09]} {[%emt 00:01:03]} Qb4 {[%clk 00:25:11]} {[%emt 00:00:22]}
39. Rxb8 {[%clk 00:41:03]} {[%emt 00:02:35]} Qb2 {[%clk 00:25:28]} {[%emt
00:00:13]} 40. Qd5 {[%clk 00:41:28]} {[%emt 00:00:06]} 1-0